| 000 | 00539nam a2200181Ia 4500 | ||
|---|---|---|---|
| 008 | 090124s9999 xx 000 0 und d | ||
| 082 |
_b30877 _a4201 |
||
| 100 | _aलोहिया शैला | ||
| 245 | _a भूमी आणि स्त्री | ||
| 250 | _a1 | ||
| 260 | _c2000 | ||
| 300 | _a326 | ||
| 600 | _aलोहिया शैला | ||
| 630 | _a भूमी आणि स्त्री | ||
| 700 | _aलोहिया शैला | ||
| 730 | _a भूमी आणि स्त्री | ||
| 942 | _cBOOK | ||
| 999 |
_c144357 _d144357 |
||